000 01245nam0a22003011 4500
001 rc\4154339
005 20250611112213.0
021 _aRU
_b[46-12875]
035 _a(NLR Aleph) 008172157
090 _a7861571
_c7861571
100 _a20130415d1946 |||y0rusy50 ca
101 0 _arus
102 _aRU
105 _aa z |||a|
200 1 _aРодня
_eСтихи и поэмы
_f[Ил.: С. Чахирьян]
210 _aМосква
_cСов. писатель
_d1946
_gТип. изд-ва "Моск. рабочий"
215 _a84 с.
_cил.
_d14
300 _aПеред загл. автор: Михаил Скуратов
327 0 _aРазделы: Родные места; Сибирская старь; Исторические стихи; Война и Родина
464 0 _12001#$aРодные места$aСибирская старь$aИсторические стихи$aВойна и Родина
_tВойна и Родина
607 _aСибирь (х. л.)
_2psbo
700 1 _aСкуратов
_bМ.М.
_f1903-
_gМихаил Маркелович
702 1 _aЧахирьян
_bС.
_4440
801 0 _aRU
_bNLR
_gpsbo
801 1 _aRU
_bELAR
_2rusmarc
852 _aNLR
_jЛ30 Г-2/1434
942 _cBOOK
980 _aNB